Statistics for Miss Peregrine Quiz

Click here to take the quiz!

General Stats

  • This quiz has been taken 93 times
  • The average score is 7 of 9

Answer Stats

HintAnswer% Correct
Can manipulate fireEmma
95%
In charge of the children's homeMiss Peregrine
95%
Teenage boy who goes to CainholmJacob
90%
Makes things come to lifeEnoch
87%
The above's grandfatherAbe
85%
Has a way with natureFiona
83%
Is very strongBronwyn
82%
Can see the futureHorace
79%
The women in charge's brotherCaul
49%

Score Distribution

Percentile by Number Answered

Percent of People with Each Score

Your Score History

You have not taken this quiz